| 000 | 00553nam a22001937a 4500 | ||
|---|---|---|---|
| 005 | 20251108173522.0 | ||
| 008 | 250721s1995 xx 000 0 eng d | ||
| 020 | _a706998413 | ||
| 082 | 1 | 4 | _aJ/ F/ JAF |
| 100 | 1 | _aJafa, Manorama | |
| 245 | 1 | 0 | _aCheeky and Meeky Go Up in the Air and Other Stories / |
| 264 | 1 |
_aNew Delhi : _bVikas Publiahing House, _c1995. |
|
| 300 | _a24 p. | ||
| 650 | 1 | 7 | _aENGLISH FICTION |
| 653 | _aأطفال مرحلة متوسطة (6-9 سنوات) | ||
| 700 | 1 | _aBhusan, Reboti | |
| 942 |
_2ddc _cBK |
||
| 999 |
_c105848 _d105848 |
||